| 000 | 00783cam a22002531 4500 | ||
|---|---|---|---|
| 001 | sa 67002639 | ||
| 003 | DLC | ||
| 005 | 20260227112332.0 | ||
| 008 | 770413s1966 ii 001 0 eng | ||
| 010 | _asa 67002639 | ||
| 035 | _a(OCoLC)2884007 | ||
| 040 |
_aDLC _cMdBT _dDLC |
||
| 041 | 0 | _aengmar | |
| 042 | _apremarc | ||
| 050 | 0 | 0 |
_aDS432.M2 _bN3 1966 |
| 082 | _a954.025 | ||
| 100 | 1 | _aNadkarnia, Rajaram Vyankatesh. | |
| 245 | 1 | 4 |
_aThe rise and fall of the Maratha Empire. _cForeword by D. V. Potdar. |
| 260 |
_aBombay, _bPopular Prakashan _c[1966] |
||
| 300 |
_axviii, 410 p. _c23 cm. |
||
| 500 | _aA revision of the author's thesis (M.A.) Bombay University. | ||
| 504 | _aBibliography in English or Marathi: p. 394-399. | ||
| 650 | 0 |
_aMaratha (Indic people) _xHistory. |
|
| 999 |
_c73346 _d73346 |
||